[Event "for NEW players (#33) - 10d+1d/m"]
[Site "SchemingMind.com"]
[Date "2010.11.09"]
[Round "-"]
[White "Nulipuli2"]
[Black "flammablepawn"]
[Result "0-1"]
[WhiteCountry "GER"]
[BlackCountry "USA"]
[WhiteElo "1231"]
[WhiteRD "131"]
[BlackElo "1861"]
[BlackRD "169"]
[GameID "266540"]

1. c4 e5 2. b4 Bxb4 3. e4 Nf6 4. Nf3 O-O 5. Nxe5 Re8 6. Nd3 Rxe4+ 7. Be2 Nc6 8. Nc3 Bxc3 9. dxc3 Rxc4 10. Nb2 Re4
11. f3 Re7 12. Qb3 Qe8 13. Nd3 Rxe2+ 14. Kf1 d5 15. Ba3 Qe3
0-1

[Event "for NEW players (#33) - 10d+1d/m"]
[Site "SchemingMind.com"]
[Date "2010.11.09"]
[Round "-"]
[White "flammablepawn"]
[Black "Nulipuli2"]
[Result "1-0"]
[WhiteCountry "USA"]
[BlackCountry "GER"]
[WhiteElo "1861"]
[WhiteRD "169"]
[BlackElo "1231"]
[BlackRD "131"]
[GameID "266541"]

1. b4 Nc6 2. b5 Nb8 3. Bb2 c6 4. c4 cxb5 5. cxb5 a6 6. a4 axb5 7. axb5 Rxa1 8. Bxa1 Qa5 9. Nc3 g6 10. Nd5 Qxb5
11. Nc7+ Kd8 12. Nxb5
1-0

[Event "for NEW players (#33) - 10d+1d/m"]
[Site "SchemingMind.com"]
[Date "2010.11.11"]
[Round "-"]
[White "assegai"]
[Black "Nulipuli2"]
[Result "1-0"]
[WhiteCountry "ENG"]
[BlackCountry "GER"]
[WhiteElo "1717"]
[WhiteRD "110"]
[BlackElo "1231"]
[BlackRD "131"]
[GameID "266626"]

1. e4 d5 2. exd5 c6 3. dxc6 bxc6 4. Nf3 c5 5. Bc4 Be6 6. Bxe6 fxe6 7. d3 e5 8. Nxe5 Qd6 9. Bf4 Nc6 10. Qf3 Nxe5
11. Qxa8+ Qd8 12. Qxd8+
1-0

[Event "for NEW players (#33) - 10d+1d/m"]
[Site "SchemingMind.com"]
[Date "2010.11.11"]
[Round "-"]
[White "assegai"]
[Black "flammablepawn"]
[Result "0-1"]
[WhiteCountry "ENG"]
[BlackCountry "USA"]
[WhiteElo "1717"]
[WhiteRD "110"]
[BlackElo "1861"]
[BlackRD "169"]
[GameID "266627"]

1. e4 e6 2. d4 d5 3. Nc3 Nf6 4. Bg5 dxe4 5. Nxe4 Be7 6. Bxf6 Bxf6 7. Nf3 O-O 8. c3 Nd7 9. Bc4 e5 10. O-O exd4
11. Nxf6+ Qxf6 12. Nxd4 Ne5 13. Bb3 Bg4 14. Qd2 Rad8 15. Qc2 c5 16. Nb5 a6 17. Na3 b5 18. c4 Bf5 19. Qe2 Bd3 20. Qe3 Bxf1
21. Kxf1 b4 22. Nc2 Nd3 23. Rd1 Rfe8 24. Qf3 Qxf3 25. gxf3 Nxb2 26. Rxd8 Rxd8 27. Ne3 a5 28. Nd5 a4 29. Bc2 Rb8 30. Ke2 b3
31. axb3 a3 32. Nc3 g6 33. Kd2 f5 34. f4 Rd8+ 35. Ke3 Nd1+ 36. Bxd1 Rxd1 37. Na2 Rb1 38. Kd2 Rb2+
0-1

[Event "for NEW players (#33) - 10d+1d/m"]
[Site "SchemingMind.com"]
[Date "2010.11.11"]
[Round "-"]
[White "Nulipuli2"]
[Black "assegai"]
[Result "0-1"]
[WhiteCountry "GER"]
[BlackCountry "ENG"]
[WhiteElo "1231"]
[WhiteRD "131"]
[BlackElo "1717"]
[BlackRD "110"]
[GameID "266628"]

1. d4 Nf6 2. c4 g6 3. Bf4 Bg7 4. c5 Nc6 5. d5 Nb4 6. a3 Nbxd5 7. Qb3 Nxf4 8. e3 N4d5 9. Nc3 Nxc3 10. Qxc3 O-O
11. Qc4 d6
0-1

[Event "for NEW players (#33) - 10d+1d/m"]
[Site "SchemingMind.com"]
[Date "2010.11.11"]
[Round "-"]
[White "flammablepawn"]
[Black "assegai"]
[Result "1-0"]
[WhiteCountry "USA"]
[BlackCountry "ENG"]
[WhiteElo "1861"]
[WhiteRD "169"]
[BlackElo "1717"]
[BlackRD "110"]
[GameID "266629"]

1. b4 e5 2. Bb2 d6 3. e3 Nf6 4. Nf3 Bg4 5. h3 Bf5 6. Bc4 h6 7. O-O a6 8. Nc3 b5 9. Bb3 Nc6 10. a3 d5
11. Ne2 Bd6 12. Ng3 Bh7 13. d3 O-O 14. c4 bxc4 15. dxc4 dxc4 16. Bxc4 e4 17. Nd2 Bxg3 18. fxg3 Nd5 19. Qg4 Bg6 20. Qe2 a5
21. b5 Nce7 22. a4 Nf5 23. Bxd5 Qxd5 24. g4 Ng3 25. Qf2 Nxf1 26. Nxf1 Rad8 27. Bd4 Kh7 28. Qb2 f6 29. Rc1 Rd7 30. Rc5 Qe6
31. Qc3 Ra8 32. Rxc7 Rxc7 33. Qxc7 Qf7 34. b6 Qxc7 35. bxc7 Be8 36. Nd2 Bc6 37. Nc4 Bxa4 38. Nb6 Ra7 39. c8=Q
1-0

[Event "for NEW players (#33) - 10d+1d/m"]
[Site "SchemingMind.com"]
[Date "2010.11.11"]
[Round "-"]
[White "Mark Miller"]
[Black "assegai"]
[Result "1/2-1/2"]
[WhiteCountry "ENG"]
[BlackCountry "ENG"]
[WhiteElo "1713"]
[WhiteRD "150"]
[BlackElo "1763"]
[BlackRD "87"]
[GameID "266719"]

1. e4 e6 2. d4 d5 3. Nc3 Nf6 4. Bg5 Be7 5. e5 Ne4 6. Bxe7 Nxc3 7. Bxd8 Nxd1 8. Rxd1 Kxd8 9. Nf3 Nd7 10. Bd3 a6
11. O-O Ke7 12. Rfe1 g6 13. c3 c5 14. c4 dxc4 15. Bxc4 b5 16. Bd3 c4 17. Be4 Ra7 18. Nd2 Rd8 19. f4 Nb6 20. Nf3 Bb7
21. Bxb7 Rxb7 22. Rd2 Nd5 23. g3 h6 24. h4 Nb4 25. Ra1 a5 26. Rh2 Kf8 27. h5 Kg7 28. hxg6 fxg6 29. a4 Nc6 30. Rd2 Kf7
31. Rc1 Rc8 32. axb5 Ne7 33. Rdc2 Rxb5 34. Nd2 Nf5 35. Nxc4 Ke7 36. Nd6 Rxc2 37. Nxf5+ gxf5 38. Rxc2 Kd7 39. Kf1 Rd5 40. Rd2 Kc6
41. Rh2 Rxd4=
1/2-1/2

[Event "for NEW players (#33) - 10d+1d/m"]
[Site "SchemingMind.com"]
[Date "2010.11.11"]
[Round "-"]
[White "Mark Miller"]
[Black "flammablepawn"]
[Result "0-1"]
[WhiteCountry "ENG"]
[BlackCountry "USA"]
[WhiteElo "1713"]
[WhiteRD "150"]
[BlackElo "1965"]
[BlackRD "143"]
[GameID "266721"]

1. d4 e6 2. e4 d5 3. Nc3 Nf6 4. Bg5 dxe4 5. Nxe4 Be7 6. Bxf6 Bxf6 7. Nf3 O-O 8. c3 Nd7 9. Qd2 b6 10. O-O-O Bb7
11. Qf4 Qe7 12. Bd3 Rac8 13. Nxf6+ Nxf6 14. g3 c5 15. Bc2 cxd4 16. Rxd4 e5 17. Qe3 Bxf3 18. Re1 Qb7 19. Qxe5 Rce8 20. Re3 Rxe5
21. Rxe5 Qa6
0-1

[Event "for NEW players (#33) - 10d+1d/m"]
[Site "SchemingMind.com"]
[Date "2010.11.11"]
[Round "-"]
[White "assegai"]
[Black "Mark Miller"]
[Result "1-0"]
[WhiteCountry "ENG"]
[BlackCountry "ENG"]
[WhiteElo "1763"]
[WhiteRD "87"]
[BlackElo "1713"]
[BlackRD "150"]
[GameID "266722"]

1. e4 c5 2. Nf3 d6 3. d4 cxd4 4. Nxd4 Nf6 5. Nc3 g6 6. f4 Nc6 7. Nxc6 bxc6 8. e5 Nd7 9. exd6 exd6 10. Be2 Bg7
11. Qxd6 Nb8 12. Qxd8+ Kxd8 13. Bd2 Re8 14. O-O-O Kc7 15. Bf3 Nd7 16. Nb5+ Kb6 17. Nd6 Re7 18. Bb4 Bb7 19. Nxb7 c5 20. Nxc5
1-0

[Event "for NEW players (#33) - 10d+1d/m"]
[Site "SchemingMind.com"]
[Date "2010.11.14"]
[Round "-"]
[White "flammablepawn"]
[Black "Mark Miller"]
[Result "1/2-1/2"]
[WhiteCountry "USA"]
[BlackCountry "ENG"]
[WhiteElo "1743"]
[WhiteRD "117"]
[BlackElo "1807"]
[BlackRD "97"]
[GameID "266724"]

1. b4 d5 2. Bb2 Qd6 3. a3 e5 4. e3 Be6 5. Nf3 f6 6. Be2 Nd7 7. O-O Nb6 8. c3 c6 9. d3 Nh6 10. Nbd2 Be7
11. c4 O-O 12. c5 Qc7 13. cxb6 Qxb6 14. Qb3 Rac8 15. Rfc1 c5 16. bxc5 Bxc5 17. Qxb6 Bxb6 18. Rxc8 Rxc8 19. Rc1 Rxc1+ 20. Bxc1 Nf5
21. e4 Nd6 22. exd5 Bxd5 23. Ne1 Bc5 24. Nc2 Nf5 25. Nb4 Nd4 26. Bd1 Be6 27. Nf3 a5 28. Nc2 Nb3 29. Bb2 Bg4 30. h3 Bf5
31. Be2 b5 32. Ne3 Bg6 33. Nd5 Bf7 34. Nc3 b4 35. axb4 axb4 36. Ne4 Bd5 37. Nfd2 Bd4 38. Bxd4 Nxd4 39. Bd1 Nc6 40. Bb3 Bxb3
41. Nxb3 Kf7 42. Kf1 Ke6 43. Ke2 Kd5 44. Ke3 f5 45. Ned2 g5 46. g3 h5 47. f4 h4 48. fxg5 hxg3 49. h4 f4+ 50. Kf3 Ne7
51. h5 Nf5 52. h6 Nh4+ 53. Ke2 Ng6 54. Nf3 Ke6 55. d4 e4 56. Ne5 f3+ 57. Nxf3 exf3+ 58. Kxf3 Kf5 59. Kxg3 Kxg5 60. h7 Kh6
61. Kg4 Kxh7=
1/2-1/2

[Event "for NEW players (#33) - 10d+1d/m"]
[Site "SchemingMind.com"]
[Date "2010.11.12"]
[Round "-"]
[White "kingkiller"]
[Black "assegai"]
[Result "0-1"]
[WhiteCountry "ARG"]
[BlackCountry "ENG"]
[WhiteElo "1294"]
[WhiteRD "145"]
[BlackElo "1717"]
[BlackRD "110"]
[GameID "266731"]

1. e4 c5 2. Bc4 Nc6 3. Qh5 g6 4. Qf3 Nf6 5. d3 Bg7 6. Nc3 Nd4 7. Qd1 a6 8. Bg5 d6 9. e5 Ng4 10. exd6 Qxd6
11. Nd5 b5 12. Bb3 Nxb3 13. axb3 Qxd5 14. Qe2 Qxg5 15. Nf3 Qd5 16. h3 Nh6 17. h4 Bg4 18. c4 bxc4 19. dxc4 Qc6 20. Rd1 Bxf3
21. gxf3 O-O 22. Qxe7 Rfe8 23. Qe2 Rxe2+ 24. Kxe2 Re8+ 25. Kd2 Qxf3 26. h5 Qxf2+ 27. Kc1 Qxb2#
0-1

[Event "for NEW players (#33) - 10d+1d/m"]
[Site "SchemingMind.com"]
[Date "2010.11.14"]
[Round "-"]
[White "kingkiller"]
[Black "Mark Miller"]
[Result "0-1"]
[WhiteCountry "ARG"]
[BlackCountry "ENG"]
[WhiteElo "1242"]
[WhiteRD "131"]
[BlackElo "1713"]
[BlackRD "150"]
[GameID "266733"]

1. e3 f5 2. Nh3 d6 3. Bb5+ Bd7 4. c4 Nf6 5. Nc3 e5 6. Qh5+ Nxh5 7. O-O Nf6 8. Re1 d5 9. d3 e4 10. dxe4 fxe4
11. a4 c6 12. Bxc6 Bxc6
0-1

[Event "for NEW players (#33) - 10d+1d/m"]
[Site "SchemingMind.com"]
[Date "2010.11.16"]
[Round "-"]
[White "kingkiller"]
[Black "flammablepawn"]
[Result "0-1"]
[WhiteCountry "ARG"]
[BlackCountry "USA"]
[WhiteElo "1294"]
[WhiteRD "145"]
[BlackElo "1861"]
[BlackRD "169"]
[GameID "266734"]

1. e4 e6 2. Nc3 d5 3. f3 Bb4 4. Bb5+ c6 5. Ba4 Qa5 6. d4 Bxc3+ 7. Bd2 Bxd2+ 8. Qxd2 Qxa4 9. b3 Qa3 10. Qd1 Nf6
11. Qc1 Qxc1+ 12. Rxc1 dxe4 13. fxe4 Nxe4 14. Nf3 O-O 15. Ne5 Nd7 16. Rf1 Nxe5 17. Rd1 Ng4 18. Rh1 Ne3 19. Rd3 Nxg2+ 20. Ke2 Nf4+
21. Ke3 Nxd3 22. Kxd3 Nf2+ 23. Ke3 Nxh1
0-1

[Event "for NEW players (#33) - 10d+1d/m"]
[Site "SchemingMind.com"]
[Date "2010.11.12"]
[Round "-"]
[White "assegai"]
[Black "kingkiller"]
[Result "1-0"]
[WhiteCountry "ENG"]
[BlackCountry "ARG"]
[WhiteElo "1717"]
[WhiteRD "110"]
[BlackElo "1294"]
[BlackRD "145"]
[GameID "266735"]

1. e4 e5 2. Nf3 Nc6 3. Bc4 Bc5 4. b4 Nxb4 5. c3 Na6 6. Nxe5 Qh4 7. Qf3 Nh6 8. d4 Bb6 9. Bxf7+ Nxf7 10. Nxf7 Rf8
11. Bg5 Qxg5 12. Nxg5 Rxf3 13. Nxf3 d6 14. O-O Bg4 15. Nbd2 h5 16. h3 Be6 17. a4 Ba5 18. c4 Bc3 19. Rab1 Rb8 20. Rb3 Ba5
21. Rb5 b6 22. Rxh5 Nb4 23. Rh8+ Kd7 24. Rxb8 Na6 25. Rh8 Ke7 26. d5 Bf7 27. Nb3 Bc3 28. Nbd4 Kd7 29. Nc6 Bg6 30. Rd8#
1-0

[Event "for NEW players (#33) - 10d+1d/m"]
[Site "SchemingMind.com"]
[Date "2010.11.14"]
[Round "-"]
[White "Mark Miller"]
[Black "kingkiller"]
[Result "1-0"]
[WhiteCountry "ENG"]
[BlackCountry "ARG"]
[WhiteElo "1713"]
[WhiteRD "150"]
[BlackElo "1242"]
[BlackRD "131"]
[GameID "266737"]

1. e4 e5 2. Nf3 Nc6 3. Bb5 Bc5 4. c3 Nf6 5. O-O Nxe4 6. d4 exd4 7. cxd4 Bxd4 8. Nxd4 d6 9. Nxc6 bxc6 10. Bxc6+ Bd7
11. Bxa8 Qxa8 12. Qd4 Nf6 13. Re1+ Kd8 14. Bg5 Bc6 15. Bxf6+ gxf6 16. Qxf6+
1-0

[Event "for NEW players (#33) - 10d+1d/m"]
[Site "SchemingMind.com"]
[Date "2010.11.16"]
[Round "-"]
[White "flammablepawn"]
[Black "kingkiller"]
[Result "1-0"]
[WhiteCountry "USA"]
[BlackCountry "ARG"]
[WhiteElo "1861"]
[WhiteRD "169"]
[BlackElo "1294"]
[BlackRD "145"]
[GameID "266738"]

1. b4 e5 2. Bb2 Nc6 3. b5 Nb4 4. e4 Qh4 5. d3 d5 6. Nf3 Qh5 7. a3 Bg4 8. Be2 Bc5 9. axb4 Bxb4+ 10. c3 Ba5
11. O-O Rd8 12. Rxa5 dxe4 13. Qa4 Nf6 14. dxe4 O-O 15. Rxa7 Qh6 16. Rxb7 Rc8 17. Re1 Bxf3 18. Bxf3 Rfd8 19. Qa5 Rb8 20. Qxc7 Nd7
21. Qxd7 Qe6 22. Qc7 Qa2 23. Rxb8 Qe6 24. Qxd8+ Qe8 25. Qxe8#
1-0

[Event "for NEW players (#33) - 10d+1d/m"]
[Site "SchemingMind.com"]
[Date "2010.11.12"]
[Round "-"]
[White "memory60"]
[Black "assegai"]
[Result "1-0"]
[WhiteCountry "BEL"]
[BlackCountry "ENG"]
[WhiteElo "1749"]
[WhiteRD "183"]
[BlackElo "1717"]
[BlackRD "110"]
[GameID "266761"]

1. e4 e6 2. Nf3 Nc6 3. d4 d5 4. e5 Be7 5. a3 a6 6. Nc3 h6 7. Bd3 b5 8. b4 Bb7 9. Be3 Qd7 10. Qb1 Bd8
11. a4 Na7 12. a5 Ne7 13. g4 g5 14. h4 Ng6 15. hxg5 hxg5 16. Kd2 Rxh1 17. Qxh1 Nf4 18. Bxf4 gxf4 19. Qh8+ Ke7 20. Ng5 Qe8
21. Qf6+ Kd7 22. Qxf4 Qg8 23. Nxf7 Be7 24. g5 Rf8 25. g6 Nc6 26. Nxd5 exd5 27. Qf5+ Ke8 28. c3 Nd8 29. e6 Bc8 30. Re1 Qg7
31. Qxd5 c6 32. Qf5 Qf6 33. Qxf6 Bxf6 34. Nd6+ Ke7 35. Nxc8+ Ke8 36. e7 Rg8 37. Bf5 Nb7 38. Re6 Bg7 39. Rxc6
1-0

[Event "for NEW players (#33) - 10d+1d/m"]
[Site "SchemingMind.com"]
[Date "2010.11.14"]
[Round "-"]
[White "memory60"]
[Black "Mark Miller"]
[Result "0-1"]
[WhiteCountry "BEL"]
[BlackCountry "ENG"]
[WhiteElo "1461"]
[WhiteRD "130"]
[BlackElo "1713"]
[BlackRD "150"]
[GameID "266763"]

1. e4 e5 2. Nf3 Nc6 3. d4 exd4 4. Nxd4 Nf6 5. Nxc6 bxc6 6. Bd3 d5 7. e5 Ng4 8. Qe2 Be6 9. f3 Nh6 10. Be3 Nf5
11. Bxf5 Bxf5 12. f4 d4 13. Bf2 Qd5 14. O-O d3 15. Qd2 Bc5 16. Nc3 Bxf2+ 17. Rxf2 Qd4 18. Rd1 Rd8 19. cxd3 Bxd3 20. Ne2 Qd5
21. Nc3 Qd4 22. Kh1 c5 23. Rf3 Bf5 24. Qe2 Qb4 25. Rd5 O-O 26. Qd2 Rxd5 27. Qxd5 Qxb2 28. h3 Qb6 29. a4 c6 30. Ne4 cxd5
31. Nd6 Qb1+ 32. Kh2 Bd7 33. f5 Qe1
0-1

[Event "for NEW players (#33) - 10d+1d/m"]
[Site "SchemingMind.com"]
[Date "2010.11.17"]
[Round "-"]
[White "memory60"]
[Black "flammablepawn"]
[Result "0-1"]
[WhiteCountry "BEL"]
[BlackCountry "USA"]
[WhiteElo "1461"]
[WhiteRD "130"]
[BlackElo "1965"]
[BlackRD "143"]
[GameID "266764"]

1. e4 e6 2. d4 d5 3. e5 c5 4. Nf3 Nc6 5. Bb5 Qb6 6. Bxc6+ bxc6 7. c3 Ba6 8. a3 cxd4 9. b4 dxc3 10. Nxc3 Ne7
11. Be3 Qc7 12. a4 Ng6 13. Qd4 Bc4 14. Rb1 Rb8 15. b5 c5 16. Qd2 d4 17. Bxd4 cxd4 18. Ne2 Bxe2 19. Qxe2 Qc3+ 20. Qd2 Qxd2+
21. Nxd2 Nxe5 22. Rb3 Bc5 23. O-O O-O 24. Ne4 Bb6 25. Kh1 Rbc8 26. f4 Nd7 27. Nd6 Rc3 28. Rfb1 Nf6 29. Rxc3 dxc3 30. Nc4 Rd8
31. Nxb6 c2
0-1

[Event "for NEW players (#33) - 10d+1d/m"]
[Site "SchemingMind.com"]
[Date "2010.11.12"]
[Round "-"]
[White "memory60"]
[Black "kingkiller"]
[Result "1-0"]
[WhiteCountry "BEL"]
[BlackCountry "ARG"]
[WhiteElo "1749"]
[WhiteRD "183"]
[BlackElo "1294"]
[BlackRD "145"]
[GameID "266765"]

1. e4 e5 2. Nf3 Nc6 3. Bb5 Nb4 4. Nxe5 Nd5 5. exd5 Qh4 6. Qf3 Nf6 7. a3 Bc5 8. O-O c6 9. Qe2 cxb5 10. Ng4+ Kd8
11. Nxf6 gxf6 12. Nc3 Re8 13. Qf3 b6 14. b4 Bd6 15. Qh3 Qd4 16. Qxh7 Re7 17. Nxb5 Qxa1 18. Nxd6 Ba6 19. Qh8+ Kc7 20. Qxa8 Bxf1
21. Nf5 Re1 22. d6#
1-0

[Event "for NEW players (#33) - 10d+1d/m"]
[Site "SchemingMind.com"]
[Date "2010.11.12"]
[Round "-"]
[White "assegai"]
[Black "memory60"]
[Result "1-0"]
[WhiteCountry "ENG"]
[BlackCountry "BEL"]
[WhiteElo "1717"]
[WhiteRD "110"]
[BlackElo "1749"]
[BlackRD "183"]
[GameID "266766"]

1. e4 e5 2. Nf3 d6 3. d4 exd4 4. Qxd4 Bd7 5. Nc3 Nc6 6. Qd1 Be7 7. h3 a6 8. a3 Bf6 9. Bd2 Nd4 10. Nxd4 Bxd4
11. Qf3 Qf6 12. Qg3 Be5 13. f4 Bd4 14. Nd5 Qd8 15. c3 Bf6 16. Nxf6+ Qxf6 17. Bd3 Qg6 18. Qxg6 hxg6 19. O-O f5 20. e5 Be6
21. exd6 cxd6 22. Rfe1 Kd7 23. c4 b6 24. b4 Ne7 25. Re2 Nc6 26. c5 Nd4 27. Re3 Nb3 28. Rd1 bxc5 29. bxc5 Nxc5 30. Bc2 Rh4
31. Rf3 Bd5 32. Rg3 Rh6 33. Bb4 Rc8 34. Rxd5 Nb7 35. Ba4+ Ke7 36. Re3+
1-0

[Event "for NEW players (#33) - 10d+1d/m"]
[Site "SchemingMind.com"]
[Date "2010.11.14"]
[Round "-"]
[White "Mark Miller"]
[Black "memory60"]
[Result "1-0"]
[WhiteCountry "ENG"]
[BlackCountry "BEL"]
[WhiteElo "1744"]
[WhiteRD "129"]
[BlackElo "1425"]
[BlackRD "108"]
[GameID "266768"]

1. d4 e6 2. c4 c6 3. Nc3 h6 4. Nf3 Nf6 5. e3 d5 6. Qc2 b6 7. Be2 Bd6 8. O-O Bd7 9. b3 Qc7 10. Bb2 Ng4
11. g3 e5 12. e4 exd4 13. Nxd4 dxc4 14. Bxg4 Bxg4 15. bxc4 Na6 16. a3 Bh3 17. Rfd1 O-O 18. Ndb5 cxb5 19. Nxb5 Qe7 20. Nxd6 Rad8
21. Nf5 Bxf5 22. exf5 f6 23. h3 Nc5 24. Rd5 Rfe8 25. Bd4 Rxd5 26. cxd5 Qd6 27. Bxc5 bxc5 28. Rd1 Re5 29. Qa4 Rxd5 30. Rxd5 Qxd5
31. Qe8+ Kh7 32. Qg6+ Kh8 33. Qe8+ Qg8 34. Qxg8+ Kxg8 35. Kf1 Kf8 36. Ke2 Ke7 37. Kd3 Kd6 38. Kc4 h5 39. h4 Kc6 40. a4 Kd6
41. a5 a6 42. f3 Kc6 43. g4 hxg4 44. fxg4 Kd6 45. h5 Kc6 46. g5 fxg5 47. f6 gxf6 48. h6 g4 49. h7 g3 50. h8=Q g2
51. Qxf6+
1-0

[Event "for NEW players (#33) - 10d+1d/m"]
[Site "SchemingMind.com"]
[Date "2010.11.17"]
[Round "-"]
[White "flammablepawn"]
[Black "memory60"]
[Result "1-0"]
[WhiteCountry "USA"]
[BlackCountry "BEL"]
[WhiteElo "1965"]
[WhiteRD "143"]
[BlackElo "1461"]
[BlackRD "130"]
[GameID "266769"]

1. b4 e5 2. Bb2 Qf6 3. Nf3 d6 4. e3 Bg4 5. Be2 Qd8 6. O-O e4 7. Nd4 Bxe2 8. Qxe2 d5 9. Qb5+ Nd7 10. Qxb7 Qb8
11. Qxd5 Ngf6 12. Qb3 c5 13. Nc6 Qc7 14. b5 Ng4 15. g3 Nge5 16. Nxe5 Nxe5 17. Qd5 Rd8 18. Qxe5+ Qxe5 19. Bxe5 Rd5 20. Bb2 f6
21. c4 Rd6 22. Rd1 Be7 23. Nc3 Rd7 24. Nd5 O-O 25. d3 exd3 26. Rxd3 Bd6 27. Rad1 Be5 28. Bxe5 fxe5 29. Nf6+ gxf6 30. Rxd7
1-0

[Event "for NEW players (#33) - 10d+1d/m"]
[Site "SchemingMind.com"]
[Date "2010.11.12"]
[Round "-"]
[White "kingkiller"]
[Black "memory60"]
[Result "0-1"]
[WhiteCountry "ARG"]
[BlackCountry "BEL"]
[WhiteElo "1294"]
[WhiteRD "145"]
[BlackElo "1749"]
[BlackRD "183"]
[GameID "266770"]

1. e4 e6 2. Nf3 d5 3. d3 dxe4 4. dxe4 Qxd1+ 5. Kxd1 a6 6. Bc4 b5 7. Bb3 Bc5 8. Bf4 c6 9. Bxb8 Rxb8 10. Re1 Bxf2
11. Re2 Bc5 12. Ne5 Bb7 13. Nd2 Bd4 14. Rb1 Bxe5 15. a4 Bxh2 16. c4 Rd8 17. g4 Bf4 18. c5 Nf6 19. g5 Bxg5 20. Rg2 Nxe4
21. Bc2 Nxd2 22. Rc1 Nb3+ 23. Bd3 Rxd3+ 24. Kc2 Rd2+
0-1